Tartarin of Tarascon : (Record no. 21998)
[ view plain ]
| 000 -LEADER | |
|---|---|
| fixed length control field | 00896cam a22002652a 4500 |
| 001 - CONTROL NUMBER | |
| control field | 21998 |
| 003 - CONTROL NUMBER IDENTIFIER | |
| rucl marc code | BD-RjUL |
| 005 - DATE AND TIME OF LATEST TRANSACTION | |
| control field | 20211209000744.0 |
| 008 - FIXED-LENGTH DATA ELEMENTS--GENERAL INFORMATION | |
| fixed length control field | 140306r19541910enk 000 0 eng d |
| 035 ## - SYSTEM CONTROL NUMBER | |
| System control number | (BD-RjUL)22063 |
| 040 ## - CATALOGING SOURCE | |
| Original cataloging agency | AFU |
| Transcribing agency | AFU |
| Modifying agency | EQO |
| -- | BD-RjUL |
| Language of cataloging | eng |
| 041 ## - LANGUAGE CODE | |
| Language code of text/sound track or separate title | eng |
| 082 04 - DEWEY DECIMAL CLASSIFICATION NUMBER | |
| Author mark and year | DAT 1954 |
| Classification number | 843 |
| 090 ## - LOCALLY ASSIGNED LC-TYPE CALL NUMBER (OCLC); LOCAL CALL NUMBER (OCLC) | |
| Classification number (OCLC) (R) ; Classification number, CALL (RLIN) (NR) | PQ2216.T4 |
| Local cutter number (OCLC) ; Book number/undivided call number, CALL (RLIN) | E5 1954 |
| 100 1# - MAIN ENTRY--PERSONAL NAME | |
| Personal name | Daudet, Alphonse, |
| Dates associated with a name | 1840-1897. |
| 9 (RLIN) | 67926 |
| 245 10 - TITLE STATEMENT | |
| Title | Tartarin of Tarascon : |
| Remainder of title | Tartarin on the Alps / |
| Statement of responsibility, etc. | by Alphonse Daudet |
| 260 ## - PUBLICATION, DISTRIBUTION, ETC. (IMPRINT) | |
| Place of publication, distribution, etc. | London ; |
| Name of publisher, distributor, etc. | J. M. Dent & sons, ltd ; |
| Place of publication, distribution, etc. | New York : |
| Name of publisher, distributor, etc. | E. P. Dutton & co., inc, |
| Date of publication, distribution, etc. | 1910 [reprinted 1954]. |
| 300 ## - PHYSICAL DESCRIPTION | |
| Pagination | xiv p., 230 p. ; |
| Size | 18 cm. |
| 500 ## - GENERAL NOTE | |
| General note | "First published in this edition, 1910; reprinted ... 1930, 1954." |
| General note | "Introduction by Jean-Pierre Richard." |
| 830 #0 - SERIES ADDED ENTRY--UNIFORM TITLE | |
| Volume number/sequential designation | 423 |
| 830 #0 - SERIES ADDED ENTRY--UNIFORM TITLE | |
| Uniform title | Everyman's library ; |
| 942 ## - ADDED ENTRY ELEMENTS (KOHA) | |
| Source of classification or shelving scheme | Dewey Decimal Classification |
| Koha item type | Books |
| Lost status | Source of classification or shelving scheme | Damaged status | Not for loan | Collection code | Permanent Location | Current Location | Shelving location | Date acquired | Source of acquisition | Cost, normal purchase price | Total Checkouts | Full call number | Date last seen | Copy number | Koha item type |
|---|---|---|---|---|---|---|---|---|---|---|---|---|---|---|---|
| Dewey Decimal Classification | Added to bundle | Fiction | Central Library, University of Rajshahi | Central Library, University of Rajshahi | Reading Room | 19/09/1955 | B.H. Black Well Ltd. | 0.60 | 843 DAT 1954 | 06/03/2014 | C-1 | Books | |||
| Dewey Decimal Classification | Non-fiction | Central Library, University of Rajshahi | Central Library, University of Rajshahi | General Stacks | 14/05/1973 | 843 DAT 1954 | 30/07/2025 | Books |